[Event "MCR mladeze 2014, Open B"]
[Site "Kouty nad Desnou"]
[Date "2014.03.12"]
[Round "6"]
[White "Nemecek, Pavel"]
[Black "Tobiskova, Petra"]
[Result "1/2-1/2"]
[WhiteElo "1816"]
[BlackElo "1531"]
[PlyCount "93"]
[EventDate "2014.03.08"]

1. e4 e5 2. Nf3 Nc6 3. Nc3 Bb4 4. Bc4 Nf6 5. O-O d6 6. d3 h6 7. h3 O-O 8. Nd5
Bc5 9. c3 Nxd5 10. Bxd5 Ne7 11. Bb3 Be6 12. d4 exd4 13. cxd4 Bb6 14. a4 a6 15.
a5 Ba7 16. Bxe6 fxe6 17. Qb3 Qc8 18. Be3 c6 19. Rac1 d5 20. Ne5 Bb8 21. f4 dxe4
22. Qc2 Nf5 23. Rce1 Ba7 24. Bf2 e3 25. Rxe3 Nxe3 26. Bxe3 Rf6 27. Ng4 Rf5 28.
Ne5 Qc7 29. Qc4 Re8 30. b4 Qd6 31. Qc3 Ref8 32. Ng6 R8f6 33. Nh4 Rd5 34. Nf3
Rb5 35. Rb1 Qd5 36. Kh2 Bb8 37. Ne5 Bxe5 38. dxe5 Rg6 39. Rb2 Qe4 40. Re2 Rd5
41. g4 Qf3 42. Rf2 Qe4 43. Rd2 Qf3 44. Rxd5 Qxd5 45. Qd4 Qa2+ 46. Qd2 Qb1 47.
Qd8+ 1/2-1/2

[Event "MCR mladeze 2014, Open B"]
[Site "Kouty nad Desnou"]
[Date "2014.03.13"]
[Round "7"]
[White "Drahorad, Daniel"]
[Black "Sebesta, Petr"]
[Result "1-0"]
[WhiteElo "2000"]
[BlackElo "1623"]
[PlyCount "44"]
[EventDate "2014.03.08"]

1. e4 c5 2. Nc3 d6 3. f4 g6 4. Nf3 Bg7 5. Bc4 Nc6 6. O-O Nf6
7. d3 O-O 8. Ne2 Nh5 9. c3 Na5 10. Bb3 b5 11. Bc2 Bb7 12. Ng5 e6 13. Be3 h6 14.
Nf3 f5 15. e5 Qc7 16. b4 cxb4 17. cxb4 Nc6 18. exd6 Qxd6 19. Bc5 Qc7 20. Bxf8
Bxa1 21. Bxh6 Bg7 22. Bxg7 Kxg7 1-0

[Event "MCR mladeze 2014, Open B"]
[Site "Kouty nad Desnou"]
[Date "2014.03.13"]
[Round "7"]
[White "Kosut, Tomas"]
[Black "Kocourek, Jiri"]
[Result "1/2-1/2"]
[WhiteElo "1777"]
[BlackElo "1602"]
[PlyCount "39"]
[EventDate "2014.03.08"]

1. e4 d5 2. exd5 Nf6 3. Bb5+ Nbd7 4. Nc3 g6 5. Nf3 Bg7 6. O-O O-O 7. Re1 Nb6 8.
d4 Nfxd5 9. Nxd5 Nxd5 10. Bc4 e6 11. Bg5 Qd6 12. Bxd5 Qxd5 13. Qd2 b6 14. Bh6
Bb7 15. Bxg7 Kxg7 16. Qc3 Qc6 17. Qxc6 Bxc6 18. Ne5 Bb7 19. a4 Rfd8 20. c3
1/2-1/2

[Event "MCR mladeze 2014, Open B"]
[Site "Kouty nad Desnou"]
[Date "2014.03.13"]
[Round "7"]
[White "Siroky, Richard"]
[Black "Zilava, Katerina"]
[Result "1-0"]
[WhiteElo "1588"]
[BlackElo "1475"]
[PlyCount "57"]
[EventDate "2014.03.08"]

1. e4 e5 2. Nf3 Nc6 3. Bc4 Bc5 4. c3 Nf6 5. d4 exd4 6. cxd4 Bb4+ 7. Nc3 d5 8.
exd5 Nxd5 9. O-O Nxc3 10. bxc3 Bxc3 11. Ba3 Qf6 12. Rc1 Ba5 13. Qe2+ Kd8 14.
Rfd1 Re8 15. Ne5 Bd7 16. Qb2 Bb6 17. Nxd7 Kxd7 18. d5 Nd4 19. Bb5+ Nxb5 20.
Qxb5+ Kd8 21. Rc2 Qe5 22. Bb4 Kc8 23. Bc3 Qe4 24. d6 cxd6 25. Rdc1 Kd8 26. Qg5+
f6 27. Qxg7 Bd4 28. Ba5+ b6 29. Qc7# 1-0

[Event "MCR mladeze 2014, Open B"]
[Site "Kouty nad Desnou"]
[Date "2014.03.13"]
[Round "7"]
[White "Kocandova, Martina"]
[Black "Volanin, Jaromir"]
[Result "1-0"]
[WhiteElo "1809"]
[BlackElo "1703"]
[PlyCount "43"]
[EventDate "2014.03.08"]

1. e4 d6 2. d4 Nf6 3. Nc3 g6 4. Nf3 Bg7 5. Be2 O-O 6. Bg5 c6 7. Qd2 Qc7 8. Bh6
Nbd7 9. h4 b5 10. a3 a5 11. h5 b4 12. axb4 Bb7 13. b5 c5 14. d5 Ne5 15. Nxe5
dxe5 16. Bxg7 Kxg7 17. hxg6 fxg6 18. Qh6+ Kf7 19. g4 Rh8 20. g5 Nd7 21. Rh3 Kg8
22. Bg4 1-0

[Event "MCR mladeze 2014, Open B"]
[Site "Kouty nad Desnou"]
[Date "2014.03.13"]
[Round "7"]
[White "Helebrand, Frantisek"]
[Black "Bainhofner, Jiri"]
[Result "1-0"]
[WhiteElo "1679"]
[BlackElo "1781"]
[PlyCount "77"]
[EventDate "2014.03.08"]

1. e4 e5 2. Nf3 Nc6 3. d4 exd4 4. Nxd4 Bc5 5. Be3 Nxd4 6. Bxd4
Bxd4 7. Qxd4 Qf6 8. Qc3 Qxc3+ 9. Nxc3 c6 10. O-O-O b5 11. a3 a5 12. Na2 Nh6 13.
f3 O-O 14. g4 f6 15. c4 b4 16. axb4 axb4 17. Nxb4 Nf7 18. Be2 Rd8 19. Kc2 Bb7
20. Rd2 Kf8 21. Rhd1 c5 22. Nd5 Bxd5 23. Rxd5 d6 24. f4 Ke7 25. R5d3 g5 26.
fxg5 Nxg5 27. Rf1 Ne6 28. Kc3 Nd4 29. Bd1 Ra1 30. Rh3 Rb8 31. Rxh7+ Ke6 32. g5
f5 33. exf5+ Nxf5 34. Re1+ Ne3 35. Rxe3+ Kf5 36. Bc2+ Kxg5 37. Rf7 Rh8 38. Rg3+
Kh6 39. Rh3+ 1-0

[Event "MCR mladeze 2014, Open B"]
[Site "Kouty nad Desnou"]
[Date "2014.03.13"]
[Round "7"]
[White "Vit, Jakub"]
[Black "Lhotsky, Zdenek"]
[Result "1-0"]
[WhiteElo "1592"]
[BlackElo "1539"]
[PlyCount "99"]
[EventDate "2014.03.08"]

1. c4 Nf6 2. Nc3 e5 3. g3 d5 4. cxd5 Nxd5 5. Bg2 Nb6 6. Nf3 Nc6 7. O-O Be6 8.
d3 Be7 9. Bd2 O-O 10. a3 a5 11. Na4 Nd5 12. Rc1 f6 13. Nc5 Bxc5 14. Rxc5 Qd6
15. Qc1 Nce7 16. Rxa5 Rad8 17. e4 Nc6 18. exd5 Nxa5 19. dxe6 Nb3 20. Qc4 Nxd2
21. Nxd2 Kh8 22. Bh3 Rfe8 23. Rc1 c6 24. Rc3 Re7 25. Ne4 Qc7 26. Nc5 Rd4 27.
Qb3 g6 28. Nd7 f5 29. Rc5 Qd6 30. Qxb7 Qxe6 31. Qb8+ Re8 32. Qxe5+ Qxe5 33.
Rxe5 Rd8 34. Nc5 Rb8 35. Re2 Rd5 36. Na6 Rb6 37. Nb4 Rd4 38. Rc2 Rd6 39. Bg2
Re6 40. Kf1 Rb8 41. Rxc6 Re5 42. Rc1 Rbe8 43. Bc6 Rc8 44. d4 Re6 45. d5 Rd6 46.
a4 Rb8 47. Nd3 Rb3 48. Ne5 Kg7 49. Nc4 Rb8 50. Nxd6 1-0

[Event "MCR mladeze 2014, Open B"]
[Site "Kouty nad Desnou"]
[Date "2014.03.13"]
[Round "7"]
[White "Gregor, Jiri"]
[Black "Berezjuk, Rostislav"]
[Result "0-1"]
[WhiteElo "1591"]
[BlackElo "1371"]
[PlyCount "100"]
[EventDate "2014.03.08"]

1. d4 d5 2. Nf3 Nf6 3. Bf4 c5 4. c3 Nc6 5. e3 g6 6. h3 Bg7 7. Nbd2 O-O 8. dxc5
a5 9. a4 Re8 10. Bb5 Bd7 11. O-O Na7 12. Bxd7 Qxd7 13. Ne5 Qc8 14. Nb3 Nc6 15.
Qe2 Nh5 16. Nxc6 Nxf4 17. exf4 bxc6 18. Nd4 Qc7 19. g3 e5 20. fxe5 Rxe5 21. Qd2
Rh5 22. Kg2 h6 23. g4 Re5 24. Rfe1 h5 25. Rxe5 Bxe5 26. Qg5 hxg4 27. hxg4 Kg7
28. Rh1 Rh8 29. Nf5+ Kg8 30. Rxh8+ Kxh8 31. Nd4 Kg7 32. Nxc6 f6 33. Qe3 Qxc6
34. Kh3 Qxa4 35. b4 axb4 36. f4 Bxc3 37. Qe7+ Kg8 38. Qd8+ Kf7 39. Qxd5+ Ke7
40. Qd6+ Ke8 41. Qe6+ Kd8 42. c6 Qa7 43. Qd6+ Kc8 44. Qe6+ Kc7 45. Qd7+ Kb6 46.
Qd6 Qc7 47. Qd3 Qxc6 48. Qe3+ Kb5 49. Qd3+ Ka4 50. Qc2+ b3 0-1

[Event "MCR mladeze 2014, Open B"]
[Site "Kouty nad Desnou"]
[Date "2014.03.13"]
[Round "7"]
[White "Novotny, Tomas"]
[Black "Haderka, Karel"]
[Result "0-1"]
[WhiteElo "1395"]
[BlackElo "1858"]
[PlyCount "52"]
[EventDate "2014.03.08"]

1. e4 e6 2. d4 d5 3. exd5 exd5 4. Nf3 Nf6 5. Bd3 Bg4 6. O-O Be7 7. Nbd2 O-O 8.
b3 Nc6 9. c3 Re8 10. Qc2 Bd6 11. Bb2 g6 12. Rfe1 Qd7 13. a3 a6 14. c4 Rxe1+ 15.
Rxe1 Re8 16. Rxe8+ Qxe8 17. cxd5 Nxd5 18. Be4 Be6 19. Ne5 Nce7 20. Ndc4 Bf5 21.
g3 b5 22. Bxf5 Nxf5 23. Nd2 Qe7 24. Qc6 Nb6 25. Ne4 Nxd4 26. Nxd6 Nxc6 0-1

[Event "MCR mladeze 2014, Open B"]
[Site "Kouty nad Desnou"]
[Date "2014.03.13"]
[Round "7"]
[White "Sefcik, Miroslav"]
[Black "Kubelova, Sona"]
[Result "0-1"]
[WhiteElo "1522"]
[BlackElo "1671"]
[PlyCount "44"]
[EventDate "2014.03.08"]

1. e4 c5 2. Nf3 Nc6 3. Bc4 e6 4. d4 cxd4 5. Nxd4 Nf6 6. Nxc6 bxc6 7. e5 Qa5+ 8.
Nc3 Qxe5+ 9. Be2 Bb4 10. Bd2 O-O 11. O-O Bd6 12. g3 Nd5 13. Bd3 f5 14. Re1 Qf6
15. Nxd5 cxd5 16. c3 Bb7 17. f4 e5 18. fxe5 Bxe5 19. Qe2 Rae8 20. Qf2 d4 21. c4
Qc6 22. Kf1 Qh1+ 0-1

[Event "MCR mladeze 2014, Open B"]
[Site "Kouty nad Desnou"]
[Date "2014.03.14"]
[Round "8"]
[White "Berezjuk, Rostislav"]
[Black "Drahorad, Daniel"]
[Result "1/2-1/2"]
[WhiteElo "1371"]
[BlackElo "2000"]
[PlyCount "39"]
[EventDate "2014.03.08"]

1. d4 d5 2. Nc3 Nf6 3. Bg5 Nbd7 4. Nf3 c6 5. e3 h6 6. Bh4 Qa5 7. Bd3 e6 8. a3
Bd6 9. O-O Qc7 10. e4 dxe4 11. Nxe4 Nxe4 12. Bxe4 Nf6 13. Bd3 Bd7 14. c3 O-O-O
15. Bg3 Bxg3 16. hxg3 Ng4 17. b4 e5 18. Re1 Rhe8 19. Qc2 g6 20. c4 1/2-1/2

[Event "MCR mladeze 2014, Open B"]
[Site "Kouty nad Desnou"]
[Date "2014.03.14"]
[Round "8"]
[White "Siroky, Richard"]
[Black "Kosut, Tomas"]
[Result "0-1"]
[WhiteElo "1588"]
[BlackElo "1777"]
[PlyCount "78"]
[EventDate "2014.03.08"]

1. c4 c5 2. Nc3 Nc6 3. g3 g6 4. Bg2 Bg7 5. Nf3 e6 6. d3 Nge7 7. O-O O-O 8. a3
b6 9. Qc2 Bb7 10. Rb1 d6 11. b4 Qd7 12. Rb3 Nd4 13. Nxd4 Bxd4 14. e3 Bxg2 15.
Kxg2 Bg7 16. Bb2 h5 17. Ne2 e5 18. Rc1 h4 19. d4 Qg4 20. h3 Qd7 21. Rd1 hxg3
22. fxg3 exd4 23. exd4 cxd4 24. Bxd4 Rac8 25. Bxg7 Kxg7 26. Rc3 Rh8 27. Rh1
Qc6+ 28. Kg1 Nf5 29. Qd2 f6 30. g4 Nh4 31. Nd4 Qb7 32. Rh2 Rhe8 33. Re2 Rxe2
34. Qxe2 Re8 35. Qf2 Re1+ 36. Kh2 Qh1+ 37. Kg3 g5 38. Nf5+ Nxf5+ 39. Qxf5 Qg1+
0-1

[Event "MCR mladeze 2014, Open B"]
[Site "Kouty nad Desnou"]
[Date "2014.03.14"]
[Round "8"]
[White "Kocourek, Jiri"]
[Black "Kocandova, Martina"]
[Result "0-1"]
[WhiteElo "1602"]
[BlackElo "1809"]
[PlyCount "86"]
[EventDate "2014.03.08"]

1. Nf3 d5 2. d4 Nf6 3. c4 e6 4. Nc3 Be7 5. Bf4 c6 6. e3 Qa5 7. Qc2 Ne4 8. Bd3
Bb4 9. Bxe4 dxe4 10. Nd2 f5 11. O-O O-O 12. a3 Be7 13. b4 Qd8 14. f3 g5 15.
Bxb8 Rxb8 16. fxe4 g4 17. Ne2 Bg5 18. Nf4 h5 19. g3 Rf7 20. Qc3 h4 21. e5 Rh7
22. Kg2 Kg7 23. Rh1 b6 24. Nb3 Bxf4 25. exf4 Bb7 26. Rhd1 Qd7 27. Nc5 Qe7 28.
Nxb7 Qxb7 29. c5 Rbh8 30. gxh4 Rxh4 31. Rh1 Qd7 32. Qc4 b5 33. Qa2 Qxd4 34.
Qxe6 Qe4+ 35. Kg1 Qe3+ 36. Kf1 Qd3+ 37. Ke1 Qc3+ 38. Ke2 Qb2+ 39. Kd1 Qxa1+ 40.
Kc2 Rxh2+ 41. Rxh2 Rxh2+ 42. Kd3 Qxa3+ 43. Kd4 Rd2# 0-1

[Event "MCR mladeze 2014, Open B"]
[Site "Kouty nad Desnou"]
[Date "2014.03.14"]
[Round "8"]
[White "Vit, Jakub"]
[Black "Helebrand, Frantisek"]
[Result "1-0"]
[WhiteElo "1592"]
[BlackElo "1679"]
[PlyCount "111"]
[EventDate "2014.03.08"]

1. c4 c5 2. g3 g6 3. Bg2 Bg7 4. Nc3 Nf6 5. Nf3 Nc6 6. O-O O-O 7. d3 d6 8. Nd2
e5 9. Nde4 Nxe4 10. Nxe4 Bf5 11. a3 Qc7 12. Bd2 Rab8 13. b4 b6 14. b5 Ne7 15.
Qc1 Rfd8 16. Bh6 Bh8 17. Qg5 Bxe4 18. Bxe4 d5 19. cxd5 Nxd5 20. Qd2 Nf6 21. Bg2
e4 22. Bf4 Qb7 23. Bxb8 Qxb8 24. Rad1 exd3 25. exd3 Qd6 26. Qa2 Ng4 27. Qe2 Nf6
28. Bc6 Nd5 29. Bxd5 Qxd5 30. Qe4 Qd7 31. Rfe1 Bf6 32. Qc4 Bd4 33. Re4 Rf8 34.
Rde1 Qf5 35. Rf4 Qd7 36. Rfe4 Qf5 37. R1e2 Qd7 38. Re7 Qg4 39. Qb3 Qf3 40. Qc2
Qa8 41. R2e4 a5 42. Qe2 Qd5 43. Qf3 Qb3 44. Rf4 Qa2 45. Rb7 Qe6 46. Re4 Qd6 47.
Ree7 Bf6 48. Red7 Qe6 49. Qe3 Qf5 50. Qf4 Qe6 51. Kg2 Bd4 52. Re7 Qd5+ 53. Qe4
Qa2 54. Qf3 c4 55. Rxf7 Rc8 56. Qd5 1-0

[Event "MCR mladeze 2014, Open B"]
[Site "Kouty nad Desnou"]
[Date "2014.03.14"]
[Round "8"]
[White "Nemecek, Pavel"]
[Black "Zilava, Katerina"]
[Result "1/2-1/2"]
[WhiteElo "1816"]
[BlackElo "1475"]
[PlyCount "88"]
[EventDate "2014.03.08"]

1. d4 d5 2. Nf3 Nc6 3. c4 Nf6 4. e3 Bg4 5. Nc3 e6 6. cxd5 exd5 7. a3 Be7 8. Be2
O-O 9. O-O Qd7 10. b4 a6 11. Na4 Ne4 12. Bb2 h6 13. Nc5 Bxc5 14. dxc5 Rfe8 15.
Nd4 Bxe2 16. Nxe2 Rad8 17. Qc2 Re6 18. Rad1 Ne5 19. Nf4 Ree8 20. Rxd5 Qf5 21.
Rxd8 Rxd8 22. Rd1 Rxd1+ 23. Qxd1 Ng5 24. h4 Ne6 25. Nd5 Nc6 26. a4 Kh7 27. f3
Qh5 28. b5 axb5 29. axb5 Ne5 30. Qc2+ Kh8 31. Qe4 Nd7 32. c6 bxc6 33. bxc6 Ndc5
34. Qc4 Qf5 35. e4 Qh5 36. Ba3 Qxh4 37. Bxc5 Nxc5 38. Nxc7 Qe1+ 39. Qf1 Qe3+
40. Qf2 Qc1+ 41. Kh2 Nd3 42. Qd4 Qf4+ 43. g3 Qd2+ 44. Kg1 Qd1+ 1/2-1/2

[Event "MCR mladeze 2014, Open B"]
[Site "Kouty nad Desnou"]
[Date "2014.03.14"]
[Round "8"]
[White "Kubelova, Sona"]
[Black "Martirosyan, Artyom"]
[Result "1-0"]
[WhiteElo "1671"]
[BlackElo "1000"]
[PlyCount "41"]
[EventDate "2014.03.08"]

1. d4 d5 2. c4 c6 3. Nc3 Nf6 4. e3 Bf5 5. Nf3 e6 6. Be2 Bd6 7. O-O Nbd7 8. c5
Be7 9. Nh4 Bg6 10. Nxg6 hxg6 11. b4 Qc7 12. g3 O-O-O 13. b5 Rh3 14. f4 Rdh8 15.
Rf2 Nh5 16. Bxh5 R8xh5 17. Qa4 b6 18. bxc6 Nf6 19. cxb6 axb6 20. Nb5 Qb8 21.
Qa6+ 1-0

[Event "MCR mladeze 2014, Open B"]
[Site "Kouty nad Desnou"]
[Date "2014.03.14"]
[Round "8"]
[White "Bainhofner, Jiri"]
[Black "Tobiskova, Petra"]
[Result "1-0"]
[WhiteElo "1781"]
[BlackElo "1531"]
[PlyCount "47"]
[EventDate "2014.03.08"]

1. e4 e5 2. Nf3 Nf6 3. Nc3 Bb4 4. d3 Nc6 5. a3 Ba5 6. b4 Bb6 7. Na4 O-O 8. c4
a6 9. Nxb6 cxb6 10. b5 Na5 11. Nxe5 d6 12. Nf3 Bg4 13. Be2 Qd7 14. Nd4 Rfe8 15.
Bxg4 Nxg4 16. h3 Ne5 17. f4 Nexc4 18. O-O axb5 19. dxc4 bxc4 20. Qf3 Qc7 21.
Bb2 Qc5 22. Kh1 Rac8 23. Bc3 Re7 24. Nf5 1-0

[Event "MCR mladeze 2014, Open B"]
[Site "Kouty nad Desnou"]
[Date "2014.03.14"]
[Round "8"]
[White "Lhotsky, Zdenek"]
[Black "Prochazka, Pavel"]
[Result "1-0"]
[WhiteElo "1539"]
[BlackElo "1714"]
[PlyCount "91"]
[EventDate "2014.03.08"]

1. e4 e5 2. Nf3 Nf6 3. Nxe5 d6 4. Nf3 Nxe4 5. d4 Be7 6. Bd3 d5 7. O-O O-O 8. c4
Nf6 9. Nc3 Bg4 10. Bf4 Nc6 11. Be3 dxc4 12. Bxc4 Bxf3 13. Qxf3 Nxd4 14. Qxb7
Nc2 15. Rad1 Qb8 16. Qxb8 Rfxb8 17. Nd5 Nxe3 18. fxe3 Nxd5 19. Bxd5 Rf8 20.
Bxa8 Rxa8 21. Rd7 Kf8 22. Rxc7 f6 23. Rd1 a5 24. Rdd7 Re8 25. Kf2 Kf7 26. a3
Ke6 27. b4 Bd6 28. Rb7 axb4 29. axb4 Bxb4 30. Rxg7 Bc5 31. Rxh7 Kd6 32. Rb3 Ke6
33. Rc7 Kd6 34. Rxc5 Kxc5 35. Kf3 Kd5 36. Kf4 Rg8 37. g3 Ke6 38. e4 Ra8 39.
Rb6+ Kf7 40. h4 Ra1 41. h5 Kg7 42. Rb7+ Kh6 43. Kg4 Ra5 44. Rf7 Ra6 45. Kf5
Kxh5 46. Rh7# 1-0

[Event "MCR mladeze 2014, Open B"]
[Site "Kouty nad Desnou"]
[Date "2014.03.14"]
[Round "8"]
[White "Volanin, Jaromir"]
[Black "Havelka, Jiri"]
[Result "1-0"]
[WhiteElo "1703"]
[BlackElo "1528"]
[PlyCount "85"]
[EventDate "2014.03.08"]

1. Nf3 d5 2. d4 e6 3. e3 c6 4. Bd3 f5 5. Ne5 Bd6 6. Qh5+ g6 7. Nxg6 Nf6 8. Qh3
Rg8 9. Ne5 Nbd7 10. f4 Nf8 11. Nd2 Bd7 12. Ndf3 Qc7 13. Bd2 O-O-O 14. Nf7 Re8
15. Nxd6+ Qxd6 16. Ne5 Re7 17. O-O-O Ne4 18. Bxe4 fxe4 19. g4 Ng6 20. Nxd7 Rxd7
21. Qh5 Rdg7 22. h3 Qf8 23. Rdf1 Ne7 24. Bb4 Qf7 25. Qxf7 Rxf7 26. Bxe7 Rxe7
27. f5 Rf8 28. f6 Ref7 29. g5 Rg8 30. h4 Rg6 31. Rhg1 h5 32. b3 Kd7 33. c4 Ke8
34. c5 Kd7 35. b4 a6 36. a4 Kc7 37. Kd2 Kd8 38. Rb1 Kc7 39. Rgc1 Rg8 40. b5 a5
41. bxc6 bxc6 42. Rb6 Ra8 43. Rcb1 1-0

[Event "MCR mladeze 2014, Open B"]
[Site "Kouty nad Desnou"]
[Date "2014.03.15"]
[Round "9"]
[White "Drahorad, Daniel"]
[Black "Kocandova, Martina"]
[Result "1-0"]
[WhiteElo "2000"]
[BlackElo "1809"]
[PlyCount "71"]
[EventDate "2014.03.08"]

1. d4 d5 2. Nf3 Nf6 3. Bf4 e6 4. e3 Bd6 5. Bg3 Ne4 6. c3 O-O 7. Nbd2 Nxd2 8.
Qxd2 Qe7 9. Bd3 Nd7 10. O-O Bxg3 11. hxg3 f5 12. Nh4 g5 13. Nf3 Qg7 14. Rfc1 e5
15. Nxe5 Nxe5 16. dxe5 Qxe5 17. c4 Be6 18. cxd5 Bxd5 19. Qa5 b6 20. Qxd5+ Qxd5
21. Bc4 Qxc4 22. Rxc4 c5 23. Rd1 Rfd8 24. Rcc1 Kf7 25. Kf1 Ke6 26. Ke2 h5 27.
Rh1 Rh8 28. Rcd1 b5 29. Rd2 c4 30. Rhd1 a6 31. Rd6+ Ke7 32. Rd7+ Ke8 33. R1d5
Rf8 34. Rg7 g4 35. Rh7 Rf7 36. Re5+ 1-0

[Event "MCR mladeze 2014, Open B"]
[Site "Kouty nad Desnou"]
[Date "2014.03.15"]
[Round "9"]
[White "Berezjuk, Rostislav"]
[Black "Kubelova, Sona"]
[Result "1/2-1/2"]
[WhiteElo "1371"]
[BlackElo "1671"]
[PlyCount "134"]
[EventDate "2014.03.08"]

1. d4 d5 2. Nc3 e6 3. Nf3 c5 4. Bf4 Nf6 5. e3 c4 6. Be2 Bb4 7. O-O Bxc3 8. bxc3
Ne4 9. Qe1 Qa5 10. Nd2 Nxc3 11. Bxc4 Nc6 12. Nb3 Qb4 13. Bd3 Na4 14. Qxb4 Nxb4
15. Rfd1 Nc3 16. Rd2 Nbxa2 17. Bd6 b6 18. f3 f5 19. Nc1 Nxc1 20. Rxc1 Bd7 21.
Be5 O-O 22. Ra1 a5 23. Bc7 Na4 24. Rdd1 Rfc8 25. Be5 Nb2 26. Rdb1 Nxd3 27. cxd3
b5 28. Rc1 a4 29. Bd6 Rxc1+ 30. Rxc1 a3 31. Kf1 Ra4 32. Rb1 g5 33. Ke1 f4 34.
exf4 gxf4 35. Bc5 Kf7 36. Kd2 a2 37. Ra1 b4 38. Kc2 Ra3 39. Bxb4 Ba4+ 40. Kd2
Rb3 41. Bc3 Rb1 42. Rxa2 Be8 43. Ra1 Rb7 44. Rc1 Kf6 45. Ke2 Rg7 46. Kf2 Bg6
47. Rd1 h5 48. Bd2 Kf5 49. Re1 Ra7 50. Re5+ Kf6 51. Bxf4 Ra2+ 52. Re2 Ra3 53.
Be5+ Kf7 54. Re3 Ra2+ 55. Kg3 Rd2 56. f4 Bxd3 57. Rf3 Be4 58. Rf2 Rd3+ 59. Kh4
Kg6 60. h3 Ra3 61. g4 hxg4 62. hxg4 Ra1 63. f5+ exf5 64. gxf5+ Kf7 65. f6 Rh1+
66. Kg5 Rg1+ 67. Kf4 Rg2 1/2-1/2

[Event "MCR mladeze 2014, Open B"]
[Site "Kouty nad Desnou"]
[Date "2014.03.15"]
[Round "9"]
[White "Sebesta, Petr"]
[Black "Siroky, Richard"]
[Result "1-0"]
[WhiteElo "1623"]
[BlackElo "1588"]
[PlyCount "52"]
[EventDate "2014.03.08"]

1. b4 e6 2. Bb2 Nf6 3. b5 d5 4. Nf3 Bd6 5. e3 O-O 6. c4 c6 7. a4 Bd7 8. Nc3 Qb6
9. Be2 dxc4 10. Bxc4 cxb5 11. axb5 Rc8 12. Be2 Be8 13. O-O Nbd7 14. Qb1 Qd8 15.
Ne4 Nxe4 16. Qxe4 Nc5 17. Qg4 f6 18. Bc4 Qe7 19. d4 Nd7 20. Bxe6+ Kf8 21. Rfc1
Rxc1+ 22. Rxc1 Nb6 23. Nh4 h5 24. Qe4 g6 25. d5 f5 26. Qd4 Nd7 1-0

[Event "MCR mladeze 2014, Open B"]
[Site "Kouty nad Desnou"]
[Date "2014.03.15"]
[Round "9"]
[White "Helebrand, Frantisek"]
[Black "Nemecek, Pavel"]
[Result "1/2-1/2"]
[WhiteElo "1679"]
[BlackElo "1816"]
[PlyCount "43"]
[EventDate "2014.03.08"]

1. e4 d5 2. exd5 Nf6 3. d4 Nxd5 4. Nf3 Bg4 5. Be2 e6 6. c3 Nc6 7. h3 Bh5 8.
Nbd2 Nf4 9. O-O Nxe2+ 10. Qxe2 Be7 11. Ne4 O-O 12. Ng3 Bg6 13. Bf4 Bd6 14. Bxd6
cxd6 15. Rfe1 a6 16. Rad1 Qa5 17. a3 Ne7 18. Nh4 Rac8 19. Nxg6 hxg6 20. Ne4
Rfd8 21. Qf3 Rc6 22. Qf4 1/2-1/2

[Event "MCR mladeze 2014, Open B"]
[Site "Kouty nad Desnou"]
[Date "2014.03.15"]
[Round "9"]
[White "Zilava, Katerina"]
[Black "Bainhofner, Jiri"]
[Result "1/2-1/2"]
[WhiteElo "1475"]
[BlackElo "1781"]
[PlyCount "45"]
[EventDate "2014.03.08"]

1. e4 e5 2. Nf3 Nc6 3. Bb5 a6 4. Ba4 Nf6 5. d3 b5 6. Bb3 h6 7. O-O d6 8. h3 Na5
9. Bd2 c5 10. Nc3 Nxb3 11. axb3 Be7 12. Nxb5 O-O 13. Nc3 Be6 14. Ne2 Nh7 15.
Ng3 Qd7 16. Kh2 Ng5 17. Nxg5 hxg5 18. Qh5 f6 19. Qg6 Bf7 20. Qf5 Be6 21. Qg6
Bf7 22. Qf5 Be6 23. Qg6 1/2-1/2

[Event "MCR mladeze 2014, Open B"]
[Site "Kouty nad Desnou"]
[Date "2014.03.15"]
[Round "9"]
[White "Gregor, Jiri"]
[Black "Volanin, Jaromir"]
[Result "1/2-1/2"]
[WhiteElo "1591"]
[BlackElo "1703"]
[PlyCount "68"]
[EventDate "2014.03.08"]

1. d4 f5 2. c4 Nf6 3. Nf3 e6 4. Nc3 Be7 5. Bf4 O-O 6. h3 d6 7. e3 Re8 8. Bd3
Nbd7 9. O-O g6 10. e4 Nf8 11. exf5 exf5 12. d5 Bd7 13. Bg5 Nh5 14. Bxe7 Qxe7
15. Re1 Qd8 16. Qd2 a6 17. Rxe8 Bxe8 18. Re1 Bf7 19. Ng5 Ng7 20. Qe3 Qd7 21.
Qd4 Re8 22. Rxe8 Bxe8 23. Qe3 h6 24. Nf3 Kh7 25. Nd4 Bf7 26. f4 Qe8 27. Qxe8
Bxe8 28. b4 Nd7 29. Nb3 b6 30. Nd4 Nb8 31. Kf2 Kg8 32. g3 Kf7 33. Nb3 Ke7 34.
Nd4 Kf6 1/2-1/2

[Event "MCR mladeze 2014, Open B"]
[Site "Kouty nad Desnou"]
[Date "2014.03.15"]
[Round "9"]
[White "Miratsky, Petr"]
[Black "Kocourek, Jiri"]
[Result "1/2-1/2"]
[WhiteElo "1637"]
[BlackElo "1602"]
[PlyCount "60"]
[EventDate "2014.03.08"]

1. e4 d5 2. exd5 Nf6 3. d4 Bg4 4. Nf3 Qxd5 5. Be2 Nc6 6. c4 Qf5 7. Nc3 O-O-O 8.
Be3 e6 9. h3 Bxf3 10. Bxf3 Nb4 11. O-O Qc2 12. a3 Qxd1 13. Rfxd1 Nc2 14. Rac1
Nxe3 15. fxe3 c6 16. b4 a6 17. c5 Nd5 18. Nxd5 exd5 19. a4 g6 20. Rb1 Bh6 21.
Kf2 Rhe8 22. Rd3 Kc7 23. Rdb3 Ra8 24. R1b2 Reb8 25. b5 a5 26. Kg3 f5 27. Kh4
Bg7 28. bxc6 bxc6 29. Rxb8 Rxb8 30. Rxb8 Kxb8 1/2-1/2

[Event "MCR mladeze 2014, Open B"]
[Site "Kouty nad Desnou"]
[Date "2014.03.15"]
[Round "9"]
[White "Hatasova, Michaela"]
[Black "Lhotsky, Zdenek"]
[Result "1-0"]
[WhiteElo "1620"]
[BlackElo "1539"]
[PlyCount "57"]
[EventDate "2014.03.08"]

1. c4 e5 2. g3 Nf6 3. Bg2 d5 4. b3 Be6 5. d3 Nc6 6. Bg5 Be7 7. e3 O-O 8. Nc3
Bb4 9. Nge2 d4 10. Qc2 dxc3 11. Nxc3 h6 12. Bxf6 Qxf6 13. O-O Bxc3 14. Qxc3
Rad8 15. Rfd1 Bg4 16. Rd2 Rd7 17. h3 Bf3 18. a3 Bxg2 19. Kxg2 Rfd8 20. Rad1 Qg6
21. b4 e4 22. d4 Qd6 23. b5 Ne5 24. dxe5 Qxd2 25. Rxd2 Rxd2 26. Qa5 R8d3 27.
Qxa7 Re2 28. a4 b6 29. Qa8+ 1-0

[Event "MCR mladeze 2014, Open B"]
[Site "Kouty nad Desnou"]
[Date "2014.03.15"]
[Round "9"]
[White "Martirosyan, Artyom"]
[Black "Michalek, Miroslav"]
[Result "1/2-1/2"]
[WhiteElo "1000"]
[BlackElo "1730"]
[PlyCount "27"]
[EventDate "2014.03.08"]

1. Nf3 d5 2. g3 c6 3. Bg2 Nf6 4. O-O Bg4 5. d3 Nbd7 6. Bf4 e6 7. Qe1 Be7 8.
Nbd2 O-O 9. c4 Re8 10. e4 Nc5 11. Qe3 dxe4 12. dxe4 Nd3 13. Ne5 Nxf4 14. gxf4
1/2-1/2